00738nam a2200217Ia 4500003000900000008004100009020001800050040001600068080001500084100002500099245011700124260003800241300001500279650004100294650002700335650002000362700002500382942000700407999001500414952009100429IN-BaIIA211028s9999 xx 000 0 eng d a0-471-07100-5 cIIA Library a535.4bBER aBerne, Bruce J99907 0aDynamic light scatteringbwith applications to chemistry, biology and physicscBruce J. Berne and Robert Pecora. aNew YorkbJohn Wiley & Sonsc1976 avii, 376p. aAstronomy and astrophysics thesaurus aLight scattering93487 aMolecules94897 aPecora, Robert99909 cBK c5763d5763 00104070aBANbBANcGENd1978-04-05l0o535.4/ BERp6444r2021-11-05w1978-04-05yBK